1029 1748 1339 1854 1021 1160 1719 1409 1876 1059 1428 1925 1071 1523 1922 1825 1484 1420 1204 1433 1311 1961 1406 1012 1731 1154 1452 1750 1592 1864 1287 1466 1260 1595 1160 1691 1623 1501 1022 1309 1586 1913 1543 1563 1935 1649 1115 1993 1001 1841 1615 1633 1183 1266 1648 1959 1039 1272 1533 1717 1262 1688 1481 1753 1267 1644 1124 1119 1412 1513 1961 1294 1343 1582 1402 1343 1665 1041 1712 1629 1387 1861 1550 1819 1366 1021 1804 1327 1882 1022 1208 1948 1396 1019 1783 1086 1920 1681 1928 BCNSPRNW ULIB Ver.6.0+V

เปลี่ยนเป็นภาษาไทย

Change to English
 แสดงรายละเอียดบรรณานุกรม
  กลับหน้าหลัก

Brief Record : Get Marc (ISO 2709) : E-mail record : QR code < ปิดหน้าต่าง
LEADER : 00000nam 2200000uu 4500
001    13399122586
003     ULIB
008    020711s2544 th a 000 0 tha d
099    วจ.WM284^พ517ผ
100    พัชรพร สุคนธสรรพ์
110    มหาวิทยาลัยนเรศวร.^bคณะพยาบาลศาสตร์
245    ผลของโครงการอบรมนิสิตอาสาสมัครป้องกันปัญหายาเสพติด /^cพัชรพร สุคนธสรรพ์
260    พิษณุโลก :^bมหาวิทยาลัยนเรศวร,^c2544
300    69 หน้า
650    ปัญหายาเสพย์ติด^xการป้องกัน
650    อบรม^xปัญหายาเสพย์ติด
650    นิสิต^xป้องกันปัญหายาเสพย์ติด
945    ^p0^l0^i20031
รายการนี้ยังไม่มีแท็ก
คุณยังไม่ได้ล็อกอิน คุณสามารถมีกิจกรรมร่วมกับเว็บไซต์ได้ แต่ต้องล็อกอินก่อน ::
  ล็อกอิน

รายการสื่อสารสนเทศ

ลำดับที่ ประเภท เลขเรียก/บาร์โค้ด สถานที่ สถานะ
1. งานวิจัย
งานวิจัย
วจ.WM284^พ517ผ ฉ.1 
  Barcode: 20031
ห้องสมุดวิทยาเขตสวรรค์ประชารักษ์
►วิจัย
บนชั้น

BibComment


ยังไม่เคยถูกคอมเมนท์

คอมเมนท์ทรัพยากรรายการนี้
  คอมเมนท์: ผลของโครงการอบรมน..


 Copyright 2026. Bcnsprnw @Library